[Event "IECC O-3216"]
[Site "IECC email"]
[Date "2010.09.04"]
[Round "?"]
[White "Stearns, Ron"]
[Black "Kotlewski, Chris"]
[Result "1-0"]
[WhiteElo "1265"]
[BlackElo "963"]
[PlyCount "100"]
[EventDate "2010.??.??"]
[EventType "swiss (corr)"]
[EventRounds "2"]
[SourceTitle "Telechess CBM 145"]
[Source "Chessbase"]
[SourceDate "2011.11.11"]
[SourceVersion "1"]
[SourceVersionDate "2011.11.11"]
[SourceQuality "1"]
[WhiteTeam "US of America"]
[BlackTeam "US of America"]
[WhiteTeamCountry "USA"]
[BlackTeamCountry "USA"]

1. Nf3 d5 2. g3 Nc6 3. d4 Nf6 4. Bg2 e5 5. dxe5 Ne4 6. Be3 Bb4+ 7. c3 Bc5 8. Bxc5 Nxc5 9. 0-0 0-0 10. h3 Bf5 11. Nbd2 Qe8 12. b4 Ne4 13. Rc1 Nxd2 14. Qxd2 Rd8 15. Rcd1 Be6 16. Qf4 d4 17. cxd4 Nxb4 18. a3 Nc2 19. Rc1 Nxa3 20. Rxc7 Nb5 21. Rcc1 Rd7 22. e3 a5 23. Qe4 b6 24. Qb1 Rd5 25. Ng5 g6 26. Nxe6 fxe6 27. Bxd5 exd5 28. Qb3 a4 29. Qxd5+ Rf7 30. Qc6 Nc7 31. Qxe8+ Nxe8 32. Rc8 Kf8 33. Ra8 b5 34. Ra1 Re7 35. Rb8 Kf7 36. Rxb5 Nc7 37. Ra5 Nd5 38. Rxd5 Ra7 39. Rb5 h5 40. Kg2 g5 41. Ra3 g4 42. h4 Ke7 43. Rb4 Kd7 44. Rbxa4 Rc7 45. Ra7 Kc6 46. Rxc7+ Kxc7 47. Ra6 Kb7 48. Rd6 Kc7 49. Kf1 Kc8 50. Ke2 Kc7 1-0